Česká a Slovenská Federativní Republika Ekonomické rozbory OECD

Salvato in:
Dettagli Bibliografici
Natura: Libro
Lingua:ceco
Pubblicazione: Praha Československá tisková kancelář 1992
Edizione:1. vyd.
Soggetti:
Tags: Aggiungi Tag
Nessun Tag, puoi essere il primo ad aggiungerne!!

MARC

LEADER 00000nam a2200000 4500
001 c000377
005 20221214085415.7
041 0 |a cze 
044 |a CZ 
245 1 0 |a Česká a Slovenská Federativní Republika  |b Ekonomické rozbory OECD 
250 |a 1. vyd. 
264 1 |a Praha  |b Československá tisková kancelář  |c 1992 
300 |a 132 s. 
610 2 0 |a ČSFR 
610 2 0 |a analýza ekonomická 
610 2 0 |a vývoj hospodársky 
610 2 0 |a OECD 
610 2 0 |a reformy hospodárske 
610 2 0 |a makroekonomika 
610 2 0 |a zmeny štruktúrne 
610 2 0 |a hospodárstvo svetové 
610 2 0 |a sústava finančná 
610 2 0 |a dopyt 
610 2 0 |a príjmy rodinné 
610 2 0 |a zadlženosť zahraničná 
610 2 0 |a bilancia platobná 
610 2 0 |a ukazovatele ekonomické 
610 2 0 |a obchod zahraničný 
610 2 0 |a mena 
610 2 0 |a bankovníctvo 
610 2 0 |a byty 
610 2 0 |a nezamestnanosť 
610 2 0 |a rozpočet štátny